Manual prático de protocolo (Registo nº 1384)

Detalhes MARC
000 -Etiqueta do registo
Cabeçalho 00663nam a2200253 4500
005 - Identificador da versão
Campo de controlo 20240813121834.0
021 ## - Número do Depósito Legal
Código do país PT
Número 333905/11
035 ## - Other System Control Numbers
System Control Number (bn)1804271
System Control Number 2461648
100 ## - Dados gerais de processamento
Dados gerais de processamento 20120221d2011 m y0pory5003 ba
102 ## - Pais de publicação ou produção
País de publicação Portugal
101 0# - Língua de publicação
Língua do texto, banda sonora, etc. Português
106 ## - Campo de dados codificados: material textual
Dados codificados do material textual r
105 ## - Campo de dados codificados: livros
Dados codificados dos livros y z 000yy
215 ## - Descrição física 
Indicação específica da natureza do documento e extensão da espécie 243 p.
Dimensões 24 cm
200 1# - Titulo e menção de responsabilidade
Título próprio Manual prático de protocolo
Informação de outro título lista de precedências portuguesas, 2011
Primeira menção de responsabilidade Nuno Miguel Henriques
205 ## - Menção da edição
Menção da edição 2ª ed.
210 ## - Publicação, Distribuição, etc. 
Lugar da edição, distribuição, etc. [Funchal]
Nome do editor, distribuidor, etc. A Voz das Ideias
Data da publicação, distribuição, etc. D.L. 2011
700 ## - Nome de autor-pessoa física (responsabilidade principal)
Número de registo de entrada de autoridade 0001945
Palavra de ordem Henriques
Outra parte do nome não tomada para palavra de ordem Nuno Miguel
966 ## - Identificação da Biblioteca
Sigla NUMETECA
942 ## - Elementos de entrada adicionados (Koha)
Tipo de item no Koha Livro
Exemplares
Situação do levantamento Origin of item (home branch) (coded) Biblioteca de empréstimo Código de barras Cota Circulation type (not for loan) Tipo de documento Nota do exemplar Damaged status
  Biblioteca Escolar Eng. Nuno Mergulhão Biblioteca Escolar Eng. Nuno Mergulhão BENM3327 | 2011 35 HEN   Livro Sem mensagem